000 00951nam a2200265Ia 4500
003 OSt
005 20220923211157.0
006 a|||||r|||| 00| 0
007 ta
008 220922b |||||||| |||| 00| 0 hin d
020 _a8188118656 (hbk)
_c250
024 _a245,665
037 _bIN-01144, 16/02/2011, Kitab Ghar Prakashan
_cTextual
040 _aARTS
_cARTS
_bhin
041 _2hin
_ahin
082 _aO152,6NKA4x, N2
100 _aकपूर, श्यामचन्द्र
_9159199
245 0 _aआधुनिक निबंध
246 _aĀdhunik nibandha
260 _aदिल्ली
_b आर्य प्रकाशन मंडल
_c1992
300 _a264पृ.
_ccm.
650 _aहिन्दी साहित्य
_9156264
942 _hO152,6NKA4x, N2
_cTEXL
_2CC
999 _c296391
_d296391